000 00713nam a22001817a 4500
003 OSt
005 20251110132708.0
008 251110b |||||||| |||| 00| 0 eng d
040 _c0
082 _aDPer 364.05 J826 Summer 2011v. 101 n. 3
100 _aMargulies, Joseph.
_eauthor.
_969322
245 _aDeviance, risk, and law :
_breflections on the demands for the preventive detention of suspected terrorists /
_cJoseph Margulies.
260 _aChicago ;
_bNorthwestern University ,
_cSummer 2011.
300 _aVolume 101, pages 729-780 ;
_c10 cm.
500 _aThe Journal of Criminal Law & Criminology, vol. 1014, no. 3, pages 729-780, Summer 2011.
700 _aMargulies, Joseph.
_921037
942 _2ddc
_cPER
999 _c24183
_d24183